| 000 | 01266nam a2200349 c 4500 | ||
|---|---|---|---|
| 999 |
_c152819 _d152819 |
||
| 003 | BLK | ||
| 005 | 20200813154142.0 | ||
| 008 | 180410b bul|||||r ||||||| ||bul|| | ||
| 010 | _aKNG00159338000 | ||
| 020 | _a978-954-28-1315-6 | ||
| 040 | _aBLK | ||
| 041 |
_aBUL _cBUL |
||
| 072 | 7 |
_2bullib _aН84 _xБългарска художествена литература Н |
|
| 080 |
_aБългарска литература _b821.163.2 _x-32 _z821.163.2-32 |
||
| 100 | 1 |
_aЕнев, Деян _eпърви автор _gПопов, Деян Енев _9365263 |
|
| 139 |
_aЕнев, Деян _bЕ 64 |
||
| 245 | 1 | 0 |
_aВнукът на Хемингуей _cДеян Енев; * Деян Енев Попов. |
| 257 | _aBGR | ||
| 260 |
_bСиела Норма _c2013 |
||
| 300 |
_a87 с. _c21 см |
||
| 380 | _aX | ||
| 490 | 1 | _aМайстори на разказа | |
| 500 | _aПълното име на авт. е Деян Енев Попов. | ||
| 653 | _aразкази | ||
| 659 | _aН | ||
| 700 | 1 |
_aПопов, Деян Енев _e* _9272523 |
|
| 852 | _aЦб 268346 | ||
| 856 | 4 | _qpdf | |
| 856 | 4 | _qpdf | |
| 942 |
_cKNG _n0 _07 |
||
| 944 |
_aCR _c08.04.2014 _lф / _kЛюдмила_Стоянова |
||
| 944 |
_aED _c11.04.2014 _lф / |
||
| 999 | _d152819 | ||